000 00439nam a22001457a 4500
999 _c527841
_d527841
020 _qHard Cover.
082 _a574.192
100 _aSadiq, Sarah
245 _aFunction of CK2 signal in Prostate Cancer Pathobiology /
_cSarah Sadiq.
300 _axii, 104 p. : ill. ;
_c30cm.
942 _2ddc
_cTHE
650 _aPh. D, Thesis
_919288
700 _aDr. Abdul Khaliq Naveed.
_919320